<?xml version="1.0" encoding="UTF-8"?>
<record
    xmlns:xsi="http://www.w3.org/2001/XMLSchema-instance"
    xsi:schemaLocation="http://www.loc.gov/MARC21/slim http://www.loc.gov/standards/marcxml/schema/MARC21slim.xsd"
    xmlns="http://www.loc.gov/MARC21/slim">

  <leader>00385cam a2200145u  4500</leader>
  <datafield tag="082" ind1=" " ind2=" ">
    <subfield code="a">547</subfield>
    <subfield code="b">PRE</subfield>
  </datafield>
  <datafield tag="100" ind1="1" ind2=" ">
    <subfield code="a">Prescott, Frederick,</subfield>
    <subfield code="9">295</subfield>
  </datafield>
  <datafield tag="245" ind1="0" ind2="0">
    <subfield code="a">Organic chemistry;</subfield>
  </datafield>
  <datafield tag="250" ind1=" " ind2=" ">
    <subfield code="a">[3d ed.]</subfield>
  </datafield>
  <datafield tag="260" ind1=" " ind2=" ">
    <subfield code="a">London,</subfield>
    <subfield code="b">University Tutorial Press</subfield>
    <subfield code="c">[1953]</subfield>
  </datafield>
  <datafield tag="300" ind1=" " ind2=" ">
    <subfield code="a">744 p.</subfield>
    <subfield code="b">illus.</subfield>
  </datafield>
  <datafield tag="650" ind1=" " ind2="0">
    <subfield code="a">Chemistry, Organic.</subfield>
    <subfield code="9">284</subfield>
  </datafield>
  <datafield tag="700" ind1="1" ind2=" ">
    <subfield code="a">Ridge, Dudley, [from old catalog]</subfield>
    <subfield code="9">296</subfield>
  </datafield>
  <datafield tag="942" ind1=" " ind2=" ">
    <subfield code="c">BK</subfield>
  </datafield>
  <datafield tag="999" ind1=" " ind2=" ">
    <subfield code="c">3115</subfield>
    <subfield code="d">3115</subfield>
  </datafield>
  <datafield tag="952" ind1=" " ind2=" ">
    <subfield code="0">0</subfield>
    <subfield code="1">0</subfield>
    <subfield code="7">0</subfield>
    <subfield code="8">NFIC</subfield>
    <subfield code="a">IC</subfield>
    <subfield code="b">IC</subfield>
    <subfield code="c">GEN</subfield>
    <subfield code="d">2016-01-22</subfield>
    <subfield code="l">1</subfield>
    <subfield code="o">547 PRE</subfield>
    <subfield code="p">002351</subfield>
    <subfield code="r">2022-12-07 00:00:00</subfield>
    <subfield code="s">2022-11-28</subfield>
    <subfield code="w">2016-01-22</subfield>
    <subfield code="y">BK</subfield>
  </datafield>
</record>
